000 00544nam a22001577a 4500
999 _c129897
_d129897
008 190925b ||||| |||| 00| 0 eng d
050 _aRA545. L589
100 _aLeowenson, Rene
_948297
245 _aAssessing progress towards equity in health in east and Southern Africa
_cRene Leowenson
260 _aHarare
_bEquinet
_c2012
300 _axi, 179p. ;
_c29cm.
440 _aRegional equity watch
_948298
650 _aHealth services
_zAfrica, East
_948299
650 _aHealth services
_zAfrica, Southern
_948300
942 _2lcc
_cMONOGRAPH